000 00338nam a2200121Ia 4500
008 160609s9999 xx 000 0 und d
100 _aAhola, Jouni.
245 _aCreo Parametric Modeling for Manufacturing v3
245 _cBy:Jouni Ahola
260 _c2015
650 _x3D MODELING
856 _uhttp://file.ebook777.com/B00TKGXKPM.pdf
999 _c295709
_d295709